| 000 | 00850cab a2200229 4500 | ||
|---|---|---|---|
| 001 | WB3512-36 | ||
| 008 | 090401t1999 xxu||||| |||| 00| 0 eng d | ||
| 035 | _a(Sirsi) u92306 | ||
| 041 | _aeng | ||
| 245 | _aRating bill forecast to bring flood of appeals | ||
| 260 | _c1999 | ||
| 350 | _a0 | ||
| 490 |
_aProperty Week _v64(11) 19 March 1999, 6(1) |
||
| 520 | _aRating experts warn that the Rating Valuation Bill, which passed through the House of Commons last week, could lead to a large number of appeals from property owners as properties will be assessed at their optimum rental value rather than the value which occupiers would realistically pay. | ||
| 650 | _aBUSINESS RATES | ||
| 650 | _aRATING VALUATION BILL | ||
| 650 | _aRATING | ||
| 650 | _aRENTAL VALUE | ||
| 690 | _aRATING AND VALUATION | ||
| 942 | _n0 | ||
| 948 | _c23/03/1999 | ||
| 999 |
_c58529 _d58529 |
||